| 000 | 01359cam a22001814a 4500 | ||
|---|---|---|---|
| 999 |
_c5713 _d5713 |
||
| 020 | _a0534586171 (pbk. : alk. paper) | ||
| 050 | 0 | 0 |
_aHA29 _b.G726 |
| 100 | 1 | _aGravetter, Frederick J. | |
| 245 | 1 | 0 |
_aEssentials of statistics for the behavioral sciences / _cFrederick J. Gravetter, Larry B. Wallnau. |
| 250 | _a4th ed. | ||
| 260 |
_aPacific Grove, CA : _bWadsworth, _cc2002. |
||
| 300 |
_a1 v. (various pagings) : _bill. (some col.) ; _c25 cm. |
||
| 500 | _aIncludes index | ||
| 505 | _aChapter 1. Introduction to Statistics Chapter 2. Frequency distributions Chapter 3. Central Tendency Chapter 4. Variability Chapter 5. z-Scores: Location of Scores and Standardized Distribution Chapter 6. Probability Chapter 7. Probability and Samples: The Distribution of sample means Chapter 8. Introduction to Hypothesis Testing Chapter 9. Introduction to the + Statistic Chapter 10. The + Test for Two Independent Samples Chapter 11. The +Test for Two Related Samples Chapter 12. Estimation Chapter 13. Introduction to Analysis of Variance Chapter 14. More Advanced Analysis of Variance: Repeated -Measures and Two-Factor Designs Chapter 15. Correlation and Regression Chapter 16. The Chi-Square Statistic Test for Goodness of Fit and Independence | ||
| 650 | 0 |
_aSocial sciences _xStatistical methods. |
|
| 700 | 1 | _aWallnau, Larry B. | |
| 942 | _cBK | ||